[Event "London Classic op 11th"]
[Site "London"]
[Date "2019.12.01"]
[Round "4"]
[White "Ifalore, Michael"]
[Black "Stoyanov, Viktor"]
[Result "0-1"]
[WhiteElo "1989"]
[BlackElo "2272"]
[PlyCount "94"]
[EventDate "2019.11.29"]
[EventType "swiss"]
[EventRounds "9"]
[EventCountry "ENG"]
[SourceTitle "CBM 193 Extra"]
[Source "ChessBase"]
[SourceDate "2020.01.31"]
[SourceVersion "1"]
[SourceVersionDate "2020.01.31"]
[SourceQuality "1"]

1. e4 c5 2. Nf3 d6 3. Bb5+ Bd7 4. Bxd7+ Qxd7 5. c4 Nc6 6. Nc3 Nf6 7. d4 cxd4 8. Nxd4 e6 9. 0-0 Be7 10. Be3 0-0 11. f3 Rfd8 12. Qe2 Rac8 13. Rac1 b6 14. Rfd1 Qb7 15. b3 Ne5 16. Kh1 Ng6 17. Bf2 h5 18. Qe3 h4 19. f4 Ng4 20. Qf3 Nxf2+ 21. Qxf2 Nf8 22. f5 Bf6 23. Rc2 h3 24. Rcd2 a6 25. Qg3 hxg2+ 26. Rxg2 Be5 27. Qg4 Qe7 28. Nce2 Bf6 29. Nf4 Bxd4 30. Rxd4 Qf6 31. Rd3 exf5 32. exf5 Re8 33. h3 Re1+ 34. Kh2 Qa1 35. Rf3 Rce8 36. Nh5 Rh1+ 37. Kg3 Qe1+ 38. Rff2 Re3+ 39. Kh4 Rexh3+ 40. Qxh3 Qe4+ 41. Rg4 Rxh3+ 42. Kxh3 Qh1+ 43. Rh2 Qf3+ 44. Kh4 Qxf5 45. Rxg7+ Kh8 46. Rg5 Ng6+ 47. Rxg6 fxg6 0-1

[Event "London Classic op 11th"]
[Site "London"]
[Date "2019.11.30"]
[Round "3"]
[White "Akots, Gabor"]
[Black "Ifalore, Michael"]
[Result "1/2-1/2"]
[WhiteElo "2221"]
[BlackElo "1989"]
[PlyCount "48"]
[EventDate "2019.11.29"]
[EventType "swiss"]
[EventRounds "9"]
[EventCountry "ENG"]
[SourceTitle "CBM 193 Extra"]
[Source "ChessBase"]
[SourceDate "2020.01.31"]
[SourceVersion "1"]
[SourceVersionDate "2020.01.31"]
[SourceQuality "1"]

1. e4 e5 2. Nf3 Nc6 3. Bb5 a6 4. Ba4 Nf6 5. Nc3 d6 6. Bxc6+ bxc6 7. d4 exd4 8. Nxd4 Bd7 9. Qf3 Qe7 10. Bg5 Qe5 11. Bxf6 Qxf6 12. Qxf6 gxf6 13. 0-0 0-0-0 14. Rad1 Rg8 15. f4 Re8 16. f5 Bh6 17. Rf3 c5 18. Nde2 Bc6 19. Ng3 Rg4 20. h3 Rh4 21. Rdf1 Bd2 22. Nb1 Bg5 23. Nc3 Bd2 24. Nb1 Bg5 1/2-1/2

[Event "London Classic op 11th"]
[Site "London"]
[Date "2019.11.29"]
[Round "1"]
[White "Clarke, Brandon GI"]
[Black "Ifalore, Michael"]
[Result "1-0"]
[WhiteElo "2431"]
[BlackElo "1989"]
[PlyCount "65"]
[EventDate "2019.11.29"]
[EventType "swiss"]
[EventRounds "9"]
[EventCountry "ENG"]
[SourceTitle "CBM 193 Extra"]
[Source "ChessBase"]
[SourceDate "2020.01.31"]
[SourceVersion "1"]
[SourceVersionDate "2020.01.31"]
[SourceQuality "1"]

1. e4 e5 2. Nf3 Nc6 3. Bb5 a6 4. Ba4 Nf6 5. 0-0 b5 6. Bb3 Be7 7. Re1 0-0 8. c3 d6 9. h3 Nb8 10. d4 Nbd7 11. Nbd2 Bb7 12. Bc2 Re8 13. Nf1 Bf8 14. Ng3 g6 15. a4 c5 16. d5 c4 17. Bg5 Nc5 18. Qd2 Be7 19. Bh6 Nfd7 20. Nh2 Nxa4 21. Bxa4 bxa4 22. Rxa4 a5 23. Ng4 Ba6 24. f4 Nc5 25. Raa1 Nd3 26. Rf1 Qb6+ 27. Kh2 Bc8 28. f5 Qxb2 29. Qe3 gxf5 30. Nxf5 Bxf5 31. Rxf5 Nf4 32. Bxf4 Qxa1 33. Nh6+ 1-0

[Event "GBR-ch Major 106th"]
[Site "Torquay"]
[Date "2019.07.28"]
[Round "2"]
[White "Ifalore, Michael"]
[Black "Rathbone Jones, Ifan"]
[Result "0-1"]
[WhiteElo "1907"]
[BlackElo "1855"]
[PlyCount "94"]
[EventDate "2019.07.27"]
[EventType "swiss"]
[EventRounds "9"]
[EventCountry "ENG"]
[SourceTitle "EXT 2020"]
[Source "ChessBase"]
[SourceDate "2019.10.17"]
[SourceVersion "1"]
[SourceVersionDate "2019.10.17"]
[SourceQuality "1"]

1. d4 d5 2. c4 e6 3. Nf3 Nf6 4. g3 g6 5. Bg2 Bg7 6. 0-0 0-0 7. b3 b6 8. Bb2 Bb7 9. Qc2 Nh5 10. Nbd2 f5 11. Ne5 Nd7 12. Ndf3 Nhf6 13. cxd5 Nxe5 14. dxe5 Nxd5 15. Rfd1 Qe7 16. Rac1 Rac8 17. Qc4 h6 18. Nd4 c6 19. e4 fxe4 20. Bh3 Rf5 21. Nxf5 gxf5 22. Qa4 Kf7 23. Bf1 a6 24. Qd4 Kg6 25. Bc4 c5 26. Qd2 h5 27. Rb1 Bh6 28. Qe1 Rg8 29. Qf1 b5 30. Be2 e3 31. Qh3 exf2+ 32. Kxf2 Be3+ 33. Ke1 Rh8 34. Bf3 c4 35. Ke2 Qc5 36. b4 Qb6 37. Bxd5 Bxd5 38. g4 f4 39. Rxd5 exd5 40. e6 d4 41. e7 Qc6 42. Rf1 hxg4 43. Qxg4+ Kf7 44. Bxd4 Bxd4 45. Qxf4+ Bf6 46. Qe5 Qg2+ 47. Ke1 Qxf1+ 0-1

[Event "GBR-ch Major 106th"]
[Site "Torquay"]
[Date "2019.07.27"]
[Round "1"]
[White "Clarke, Brandon GI"]
[Black "Ifalore, Michael"]
[Result "1-0"]
[WhiteElo "2433"]
[BlackElo "1907"]
[PlyCount "69"]
[EventDate "2019.07.27"]
[EventType "swiss"]
[EventRounds "9"]
[EventCountry "ENG"]
[SourceTitle "EXT 2020"]
[Source "ChessBase"]
[SourceDate "2019.10.17"]
[SourceVersion "1"]
[SourceVersionDate "2019.10.17"]
[SourceQuality "1"]

1. e4 e5 2. Nf3 Nc6 3. Bb5 a6 4. Ba4 Nf6 5. 0-0 b5 6. Bb3 Be7 7. Re1 0-0 8. c3 d6 9. h3 Nb8 10. d4 Nbd7 11. Nbd2 Bb7 12. Bc2 Re8 13. Nf1 Bf8 14. Ng3 g6 15. a4 c5 16. d5 c4 17. Bg5 Nc5 18. Qd2 Be7 19. Bh6 Nfd7 20. Nh2 Nxa4 21. Bxa4 bxa4 22. Rxa4 Nc5 23. Rxc4 a5 24. Ng4 Ba6 25. Rxc5 dxc5 26. Nxe5 Qc7 27. Ng4 Rad8 28. e5 Bc8 29. d6 Qc6 30. Qf4 Bxg4 31. dxe7 Rd1 32. Rxd1 Bxd1 33. Ne4 Rxe7 34. Nf6+ Kh8 35. Bf8 1-0

[Event "London Classic U2050 op 10th"]
[Site "London"]
[Date "2018.12.16"]
[Round "5"]
[White "Ifalore, Michael"]
[Black "Smith, Chris A"]
[Result "1/2-1/2"]
[WhiteElo "1918"]
[BlackElo "1863"]
[PlyCount "69"]
[EventDate "2018.12.14"]
[EventType "swiss"]
[EventRounds "5"]
[EventCountry "ENG"]
[SourceTitle "CBM 187 Extra"]
[Source "ChessBase"]
[SourceDate "2018.11.04"]
[SourceVersion "1"]
[SourceVersionDate "2018.11.04"]
[SourceQuality "1"]

1. c4 c6 2. g3 d5 3. Nf3 Nf6 4. Bg2 g6 5. b3 Bg7 6. Bb2 0-0 7. 0-0 Nbd7 8. d4 Ne4 9. Nc3 Ndf6 10. Nd2 Nxc3 11. Bxc3 Bf5 12. Re1 Ne4 13. Nxe4 Bxe4 14. Bxe4 dxe4 15. Qc2 f5 16. Red1 Qc7 17. d5 Bxc3 18. Qxc3 cxd5 19. Rxd5 Rad8 20. Rad1 Rxd5 21. Rxd5 Rd8 22. Qd4 Rxd5 23. Qxd5+ Kg7 24. Qd4+ e5 25. Qxa7 Qd7 26. Kg2 f4 27. Qc5 Qf5 28. Qe7+ Kg8 29. Qd8+ Kg7 30. Qd5 Kh6 31. Qxb7 f3+ 32. exf3 Qxf3+ 33. Kf1 Qd1+ 34. Kg2 Qf3+ 35. Kg1 1/2-1/2

[Event "London Classic op"]
[Site "London"]
[Date "2017.12.09"]
[Round "9"]
[White "Ifalore, Michael"]
[Black "De Abreu, Roberto N"]
[Result "0-1"]
[WhiteElo "1962"]
[BlackElo "2110"]
[PlyCount "116"]
[EventDate "2017.12.02"]
[EventType "swiss"]
[EventRounds "9"]
[EventCountry "ENG"]
[SourceTitle "CBM 182 Extra"]
[Source "ChessBase"]
[SourceDate "2018.02.23"]
[SourceVersion "1"]
[SourceVersionDate "2018.02.23"]
[SourceQuality "1"]

1. d4 c5 2. d5 Nf6 3. c4 b5 4. cxb5 a6 5. bxa6 g6 6. Nc3 Bxa6 7. Nf3 Bg7 8. e4 Qa5 9. Bd2 Bxf1 10. Kxf1 d6 11. g3 0-0 12. Kg2 Qb6 13. Qc2 Na6 14. a3 Rfb8 15. Rhb1 Qb3 16. Qxb3 Rxb3 17. Bc1 Nd7 18. Nd2 Rbb8 19. Nc4 Ne5 20. Nxe5 Bxe5 21. a4 c4 22. Ra3 Nc5 23. Be3 Nd3 24. a5 Nxb2 25. a6 Bxc3 26. Rxc3 Rxa6 27. Rc2 c3 28. Rxc3 Raa8 29. Rc7 Kf8 30. Ba7 Rb4 31. Be3 Nd3 32. Rxb4 Nxb4 33. Rc4 Nd3 34. h4 Ne5 35. Rc7 Ke8 36. Bd4 Nd7 37. Kf3 f6 38. Ke3 Ra3+ 39. Ke2 Kd8 40. Rb7 f5 41. exf5 gxf5 42. Bb6+ Ke8 43. Ra7 Rxa7 44. Bxa7 Nf6 45. Kf3 Nxd5 46. g4 e6 47. gxf5 exf5 48. Bd4 Kf7 49. Bb2 Ke6 50. Bd4 Kf7 51. Bb2 Ke6 52. Bd4 Ne7 53. Bb2 d5 54. Ba1 Ng6 55. Kg3 h5 56. f4 Kd6 57. Bf6 Kc5 58. Bg5 Kc4 0-1

[Event "London Classic op"]
[Site "London"]
[Date "2017.12.03"]
[Round "2"]
[White "Perez Bolanos, Joel"]
[Black "Ifalore, Michael"]
[Result "0-1"]
[WhiteElo "1519"]
[BlackElo "1962"]
[PlyCount "82"]
[EventDate "2017.12.02"]
[EventType "swiss"]
[EventRounds "9"]
[EventCountry "ENG"]
[SourceTitle "CBM 182 Extra"]
[Source "ChessBase"]
[SourceDate "2018.02.23"]
[SourceVersion "1"]
[SourceVersionDate "2018.02.23"]
[SourceQuality "1"]

1. e4 e5 2. Nf3 Nc6 3. Bc4 Nf6 4. d3 Bc5 5. c3 0-0 6. 0-0 a6 7. Nbd2 d6 8. h3 Be6 9. Re1 Ba7 10. Bb3 h6 11. Bc2 Ne7 12. Nf1 Ng6 13. Be3 Bxe3 14. fxe3 c6 15. d4 Qb6 16. Qd2 Rad8 17. Ng3 Rfe8 18. Nf5 Bc8 19. Rad1 d5 20. exd5 e4 21. N3h4 Nxh4 22. Nxh4 g5 23. Rf1 cxd5 24. Nf5 Bxf5 25. Rxf5 Nh5 26. Bb3 Qc6 27. Qf2 Rf8 28. Rf1 Rd7 29. g4 Ng7 30. Rf6 Qc7 31. Rxh6 f5 32. gxf5 Rxf5 33. Qg2 Rxf1+ 34. Kxf1 Rf7+ 35. Ke2 Qd7 36. Qxg5 Rf5 37. Qg4 Qb5+ 38. Kd2 Qd3+ 39. Kc1 Rf1+ 40. Bd1 Qxe3+ 41. Kb1 Qxh6 0-1

[Event "Wakefield 4NCL op 14th"]
[Site "Wakefield"]
[Date "2017.07.15"]
[Round "3"]
[White "Anderson, Peter W"]
[Black "Ifalore, Michael"]
[Result "1-0"]
[WhiteElo "1907"]
[BlackElo "1911"]
[PlyCount "79"]
[EventDate "2017.07.14"]
[EventType "swiss"]
[EventRounds "5"]
[EventCountry "ENG"]
[SourceTitle "CBM 179 Extra"]
[Source "ChessBase"]
[SourceDate "2017.08.23"]
[SourceVersion "1"]
[SourceVersionDate "2017.08.23"]
[SourceQuality "1"]

1. d4 Nf6 2. c4 e6 3. Nc3 Bb4 4. e3 c5 5. Bd3 0-0 6. Nf3 h6 7. 0-0 d5 8. a3 cxd4 9. exd4 Be7 10. c5 b6 11. cxb6 Qxb6 12. b4 Bb7 13. Re1 Rc8 14. Na4 Qd8 15. Nc5 Bc6 16. Qe2 Bf8 17. Bb2 Qb6 18. Ne5 Be8 19. Nb3 Nc6 20. f4 Rcb8 21. Rab1 Bd6 22. g4 Bxe5 23. fxe5 Nd7 24. Kh1 a5 25. b5 Ne7 26. a4 Rc8 27. Bc1 Rc3 28. Bd2 Rcc8 29. Rf1 f6 30. exf6 Nxf6 31. Nc5 Rxc5 32. dxc5 Qxc5 33. Rxf6 gxf6 34. Qxe6+ Bf7 35. Qxf6 Kf8 36. Rf1 Ke8 37. Qxf7+ Kd8 38. Qf8+ Kc7 39. Qxa8 d4 40. Rc1 1-0

[Event "Crawley e2e4 Gatwick Challenger op 10"]
[Site "Crawley"]
[Date "2016.10.28"]
[Round "4"]
[White "Ifalore, Michael"]
[Black "Shepley, Julien M"]
[Result "0-1"]
[WhiteElo "1677"]
[BlackElo "1997"]
[PlyCount "34"]
[EventDate "2016.10.26"]
[EventType "swiss"]
[EventRounds "9"]
[EventCountry "ENG"]
[SourceTitle "EXT 2019"]
[Source "ChessBase"]
[SourceDate "2018.10.10"]
[SourceVersion "1"]
[SourceVersionDate "2018.10.10"]
[SourceQuality "1"]

1. Nf3 Nf6 2. g3 d5 3. d4 c5 4. c4 e6 5. Bg2 Nc6 6. 0-0 Be7 7. Qc2 cxd4 8. cxd5 Qxd5 9. Rd1 0-0 10. Qa4 b5 11. Qc2 Bb7 12. Bf4 Rac8 13. Qb3 Rfd8 14. Nxd4 Qxg2+ 15. Kxg2 Nxd4+ 16. Kf1 Nxb3 17. Rxd8+ Rxd8 0-1

[Event "Crawley e2e4 Gatwick Challenger op 10"]
[Site "Crawley"]
[Date "2016.10.28"]
[Round "5"]
[White "Spence, David"]
[Black "Ifalore, Michael"]
[Result "1-0"]
[WhiteElo "2192"]
[BlackElo "1677"]
[PlyCount "71"]
[EventDate "2016.10.26"]
[EventType "swiss"]
[EventRounds "9"]
[EventCountry "ENG"]
[SourceTitle "EXT 2019"]
[Source "ChessBase"]
[SourceDate "2018.10.10"]
[SourceVersion "1"]
[SourceVersionDate "2018.10.10"]
[SourceQuality "1"]

1. e4 e5 2. Nf3 Nc6 3. Bc4 Bc5 4. c3 Nf6 5. d3 0-0 6. Bg5 h6 7. Bh4 Be7 8. Qe2 d6 9. Nbd2 Be6 10. Bb3 Qd7 11. Bc2 Rad8 12. h3 Rfe8 13. g4 d5 14. Nf1 dxe4 15. dxe4 Nh7 16. Bxe7 Qxe7 17. Ne3 Nf8 18. Qb5 Bc8 19. Nd5 Qd6 20. 0-0-0 a6 21. Qe2 Ne7 22. Nh4 Nxd5 23. exd5 Qf6 24. Nf5 Ng6 25. Qc4 Qb6 26. Ne3 Nf4 27. Kb1 Bd7 28. Qe4 Ng6 29. h4 Qf6 30. g5 hxg5 31. hxg5 Qxg5 32. Rdg1 Qf4 33. Qg2 e4 34. Bb3 Rf8 35. d6 Bc6 36. Rh8+ 1-0

[Event "Crawley e2e4 Gatwick Challenger op 10"]
[Site "Crawley"]
[Date "2016.10.27"]
[Round "3"]
[White "Rogacewicz, Mikolaj"]
[Black "Ifalore, Michael"]
[Result "0-1"]
[WhiteElo "1711"]
[BlackElo "1677"]
[PlyCount "74"]
[EventDate "2016.10.26"]
[EventType "swiss"]
[EventRounds "9"]
[EventCountry "ENG"]
[SourceTitle "EXT 2019"]
[Source "ChessBase"]
[SourceDate "2018.10.10"]
[SourceVersion "1"]
[SourceVersionDate "2018.10.10"]
[SourceQuality "1"]

1. d4 Nf6 2. c4 e6 3. Nf3 b6 4. g3 Ba6 5. b3 Bb4+ 6. Bd2 Bxd2+ 7. Nbxd2 0-0 8. Bg2 Bb7 9. 0-0 c5 10. e3 Nc6 11. Ne5 Qc7 12. f4 cxd4 13. Nxc6 Bxc6 14. Bxc6 dxc6 15. exd4 Rfd8 16. Nf3 c5 17. Qd3 cxd4 18. Rad1 Rd7 19. Rd2 Rad8 20. Rfd1 h6 21. Qe2 Qc5 22. Kg2 Qc6 23. Kg1 Qc5 24. Qf2 Ne4 25. Qe2 Nxd2 26. Qxd2 b5 27. Qd3 bxc4 28. bxc4 Qa5 29. Ne5 Rd6 30. Qb1 Rb6 31. Qc2 Qc5 32. Rd3 f6 33. Ng4 Rdb8 34. Qa4 Rb1+ 35. Kg2 R8b2+ 36. Nf2 Ra1 37. Qe8+ Kh7 0-1

[Event "EU Union-ch U12"]
[Site "Kouty nad Desnou"]
[Date "2014.09.03"]
[Round "8"]
[White "Schneider, Jana"]
[Black "Ifalore, Michael"]
[Result "1-0"]
[WhiteElo "1803"]
[BlackElo "1508"]
[PlyCount "53"]
[EventDate "2014.08.27"]
[EventType "swiss"]
[EventRounds "9"]
[EventCountry "CZE"]
[SourceTitle "CBM 162 Extra"]
[Source "ChessBase"]
[SourceDate "2014.10.17"]
[SourceVersion "1"]
[SourceVersionDate "2014.10.17"]
[SourceQuality "1"]

1. e4 b6 2. d4 Bb7 3. Nc3 e6 4. Nf3 Bb4 5. Bd3 Nf6 6. Qe2 Bxc3+ 7. bxc3 0-0 8. Bg5 h6 9. Bh4 Qe8 10. e5 Nd5 11. Qe4 g6 12. c4 Na6 13. cxd5 Bxd5 14. Qe3 Nb4 15. Qxh6 Nxd3+ 16. cxd3 f5 17. exf6 Qf7 18. Ng5 e5 19. Nxf7 Rxf7 20. Qxg6+ Kh8 21. Rg1 Rg8 22. Qh5+ Rh7 23. Qxe5 Bf7 24. Qf4 Re8+ 25. Kd2 Rg8 26. Rae1 Bxa2 27. f7 1-0